| 000 | 00477nam a2200169Ia 4500 | ||
|---|---|---|---|
| 008 | 230917s9999||||xx |||||||||||||| ||und|| | ||
| 020 | _cRS650 | ||
| 040 |
_e241737 _aMAIN |
||
| 041 | _aEnglish | ||
| 082 | _a823.09 N143B:V | ||
| 100 | _aBharat, Meenakshi, ed. | ||
| 245 | 2 | _aA house for Mr Biswas: Critical perspective | |
| 260 |
_aNew Delhi _bPencraft International _c2013 |
||
| 300 | _a246 p. | ||
| 500 | _a2820 18/08/2017 HBD17/7040 21/08/2017 Main Budget | ||
| 942 | _cBK | ||
| 999 |
_c23579 _d23579 |
||